<?xml version="1.0" encoding="UTF-8"?>
<collection xmlns="http://www.loc.gov/MARC21/slim">
 <record>
  <leader>01946pmm a22002898a 4500</leader>
  <controlfield tag="001">00030247</controlfield>
  <controlfield tag="005">20171026081022.0</controlfield>
  <controlfield tag="008">130103s2007                  ||||||engsd</controlfield>
  <datafield tag="020" ind1="#" ind2="#">
   <subfield code="a">9780521678223</subfield>
  </datafield>
  <datafield tag="041" ind1="0" ind2="#">
   <subfield code="a">eng</subfield>
  </datafield>
  <datafield tag="082" ind1="1" ind2="4">
   <subfield code="a">428</subfield>
   <subfield code="b">A101L</subfield>
  </datafield>
  <datafield tag="100" ind1="1" ind2="#">
   <subfield code="a">Brown, Steven,</subfield>
   <subfield code="d">1952-</subfield>
  </datafield>
  <datafield tag="245" ind1="1" ind2="0">
   <subfield code="a">Active listening</subfield>
   <subfield code="b">Quizzes and tests audio CD level 3</subfield>
   <subfield code="c">Steven Brown, Dorolyn Smith.</subfield>
   <subfield code="h">nguồn liệu điện tử]</subfield>
  </datafield>
  <datafield tag="250" ind1="#" ind2="#">
   <subfield code="a">2nd ed.</subfield>
  </datafield>
  <datafield tag="260" ind1="#" ind2="#">
   <subfield code="a">Cambridge [England]</subfield>
   <subfield code="a">New York</subfield>
   <subfield code="b">Cambridge University Press</subfield>
   <subfield code="c">2007.</subfield>
  </datafield>
  <datafield tag="300" ind1="#" ind2="#">
   <subfield code="a">1 CD</subfield>
   <subfield code="c">4 3/4 in.</subfield>
   <subfield code="e">sách</subfield>
  </datafield>
  <datafield tag="653" ind1="#" ind2="#">
   <subfield code="a">Kỹ năng nghe</subfield>
  </datafield>
  <datafield tag="653" ind1="#" ind2="#">
   <subfield code="a">Listening</subfield>
  </datafield>
  <datafield tag="653" ind1="#" ind2="#">
   <subfield code="a">Tiếng Anh</subfield>
  </datafield>
  <datafield tag="653" ind1="#" ind2="#">
   <subfield code="a">Đĩa CD</subfield>
  </datafield>
  <datafield tag="700" ind1="1" ind2="#">
   <subfield code="a">Smith, Dorolyn.</subfield>
  </datafield>
  <datafield tag="852" ind1="#" ind2="#">
   <subfield code="b">Kho đa phương tiện</subfield>
   <subfield code="j">DPT.0000278, DPT.0000403, DPT.0000402, DPT.0001554, DPT.0001555, DPT.0001556, DPT.0001557, DPT.0001558, DPT.0001559, DPT.0001560, DPT.0001561, DPT.0001562, DPT.0001563, DPT.0001564, DPT.0001565, DPT.0001566, DPT.0001567, DPT.0001568, DPT.0001569, DPT.0001570, DPT.0001571, DPT.0001572, DPT.0001573, DPT.0001574, DPT.0001575, DPT.0001576, DPT.0001577, DPT.0001578, DPT.0001579, DPT.0001580, DPT.0001560, DPT.0001561, DPT.0001562, DPT.0001563, DPT.0001564, DPT.0001565, DPT.0001566, DPT.0001567, DPT.0001568, DPT.0001569, DPT.0001570, DPT.0001571, DPT.0001572, DPT.0001573, DPT.0001574, DPT.0001575, DPT.0001576, DPT.0001577, DPT.0001880, DPT.0001881, DPT.0001882</subfield>
  </datafield>
  <datafield tag="852" ind1="#" ind2="#">
   <subfield code="j">DPT.0001881</subfield>
   <subfield code="j">DPT.0001882</subfield>
   <subfield code="j">DPT.0000402</subfield>
   <subfield code="j">DPT.0001554</subfield>
   <subfield code="j">DPT.0001555</subfield>
   <subfield code="j">DPT.0001557</subfield>
   <subfield code="j">DPT.0001558</subfield>
   <subfield code="j">DPT.0001560</subfield>
   <subfield code="j">DPT.0001561</subfield>
   <subfield code="j">DPT.0001563</subfield>
   <subfield code="j">DPT.0001564</subfield>
   <subfield code="j">DPT.0001566</subfield>
   <subfield code="j">DPT.0001567</subfield>
   <subfield code="j">DPT.0001569</subfield>
   <subfield code="j">DPT.0001570</subfield>
   <subfield code="j">DPT.0001572</subfield>
   <subfield code="j">DPT.0001573</subfield>
   <subfield code="j">DPT.0001575</subfield>
   <subfield code="j">DPT.0001576</subfield>
   <subfield code="j">DPT.0000278</subfield>
   <subfield code="j">DPT.0000403</subfield>
   <subfield code="j">DPT.0001880</subfield>
   <subfield code="j">DPT.0001556</subfield>
   <subfield code="j">DPT.0001559</subfield>
   <subfield code="j">DPT.0001562</subfield>
   <subfield code="j">DPT.0001565</subfield>
   <subfield code="j">DPT.0001568</subfield>
   <subfield code="j">DPT.0001571</subfield>
   <subfield code="j">DPT.0001574</subfield>
   <subfield code="j">DPT.0001577</subfield>
  </datafield>
  <datafield tag="910" ind1=" " ind2=" ">
   <subfield code="d">03/01/2013</subfield>
  </datafield>
  <datafield tag="980" ind1="#" ind2="#">
   <subfield code="a">Trung tâm Học liệu Lê Vũ Hùng, Trường Đại học Đồng Tháp</subfield>
  </datafield>
 </record>
</collection>
<br />
<b>Notice</b>:  fwrite(): write of 437 bytes failed with errno=28 No space left on device in <b>C:\vufind\module\VuFind\src\VuFind\Session\File.php</b> on line <b>152</b><br />
Cannot write session to C:\Windows\TEMP\vufind_sessions/sess_osfeiugn12u1102qn63dk0slac
<br />
<b>Warning</b>:  session_write_close(): Failed to write session data using user defined save handler. (session.save_path: \xampp\tmp) in <b>C:\vufind\vendor\laminas\laminas-session\src\SessionManager.php</b> on line <b>235</b><br />
